| 000 | 00614nam a22002057a 4500 | ||
|---|---|---|---|
| 005 | 20170811110142.0 | ||
| 010 | _aENG-119632 | ||
| 020 |
_a9788170175438 _c210.00 |
||
| 035 | _aEN-103164 | ||
| 037 | _bDBAD/PUB | ||
| 082 | _a230.2 | ||
| 100 | _aSom Ranchan | ||
| 245 |
_aHanuman: _cby Som Ranchan [and] R.K. Shandil _ba talkathpon seroll / |
||
| 260 |
_aNew Delhi _bPublications Division _c2015 |
||
| 270 | _aSoochna Bhawan, CGO Complex, Lodhi Road. New Delhi-110003 | ||
| 300 |
_a132p. _c22cm.(pbk) |
||
| 700 | _a Som Charan | ||
| 700 | _a Shandil,R.K. | ||
| 942 |
_2ddc _cEN _h230.2 _mSOM |
||
| 999 |
_c143258 _d143258 |
||